Tục ngữ và thành ngữ người Thái Mương: Tương Dương Nghệ An: Song ngữ Thái-Việt Tập 3
....
Đã lưu trong:
| Tác giả chính: | |
|---|---|
| Định dạng: | Sách |
| Năm xuất bản: |
H.
Sân khấu
2016
|
| Chủ đề: | |
| Tags: |
Thêm thẻ
Không có thẻ, Hãy là người đầu tiên gắn thẻ bản ghi này!
|
| LEADER | 00743nam a2200205 4500 | ||
|---|---|---|---|
| 999 | |c 14202 |d 14202 | ||
| 082 | |a 398.9 |b TR120TR | ||
| 100 | |a Trần Trí Dõi | ||
| 245 | |a Tục ngữ và thành ngữ người Thái Mương: |c Trần Trí Dõi, Vi Khăm Mun |n Tập 3 |b Tương Dương Nghệ An: Song ngữ Thái-Việt | ||
| 260 | |a H. |b Sân khấu |c 2016 | ||
| 300 | |a 231tr. |c 21cm | ||
| 520 | |a .... | ||
| 653 | |a Văn hóa dân gian | ||
| 653 | |a Người Thái Mương | ||
| 653 | |a Tương Dương | ||
| 653 | |a Nghệ An | ||
| 653 | |a Tục ngữ | ||
| 653 | |a Thành ngữ | ||
| 942 | |2 ddc |c SH | ||
| 952 | |0 0 |1 0 |2 ddc |4 0 |6 398_900000000000000_TR120TR |7 0 |8 300 |9 111181 |a qbu |b qbu |c D2 |d 2017-07-07 |g 46000 |o 398.9 TR120TR |p 12479.c1 |r 2017-07-07 |w 2017-07-07 |y SH | ||